| 000 | 00698nam a22002417i 4500 | ||
|---|---|---|---|
| 003 | URS | ||
| 005 | 20220117120622.0 | ||
| 008 | 180508b xxu||||| |||| 00| 0 eng d | ||
| 020 | _a9710848607 | ||
| 040 |
_erda _cURS _beng |
||
| 050 |
_aZ56.2 _b.G7 Z7 1990 |
||
| 100 | _aZoubek, Charles E. | ||
| 245 |
_aGregg shorthand : college book 2 / _cCharles E. Zoubek. -- |
||
| 250 | _aCentennial Edition. -- | ||
| 264 | 1 |
_aNew York: _bMcGraw-Hill, _c1989. |
|
| 300 |
_a381 pages : _billustrations ; _c21 cm |
||
| 336 |
_atext _btxt _2rdacontent |
||
| 337 |
_aunmediated _bn _2rdamedia |
||
| 338 |
_avolume _bnc _2rdacarrier |
||
| 500 | _ainclude index. | ||
| 650 | _aShorthand -- Gregg. | ||
| 942 |
_2lcc _cFR |
||
| 999 |
_c5023 _d5023 |
||